Wszystkie ewolucje Eevee - Pokemon - Statystyki

Ogólne statystyki
  • Ten quiz został rozwiązany 784 razy
  • Średni wynik to 7 z 8
Statystyki odpowiedzi
Numer w Pokedexie Pokemon % Poprawnych
#134 Vaporeon
94%
#136 Flareon
93%
#135 Jolteon
93%
#197 Umbreon
91%
#470 Leafeon
80%
#471 Glaceon
79%
#196 Espeon
78%
#700 Sylveon
76%
Nie znaleziono quizów pasujących do podanych kryteriów
Rozkład punktacji
Procent ludzi z każdym wynikiem
Percentyl według liczby udzielonych odpowiedzi
Twoja historia wyników
Nie rozwiązałeś tego quizu